000 00309nam a22001217a 4500
020 _a9788120330856
050 _aQA76.64
_bJ23 2010
100 _aJagadev, A.K.
245 _aObject-Oriented Programming Using C++
260 _aNew Delhi
_bPHI Learning
_c2007
300 _aIncludes Bibliography and Index
942 _cGEN
999 _c1
_d1